|
|
|
|
| LEADER |
00000nab a2200000 a 4500 |
| 001 |
vtls011116615 |
| 003 |
SK-MaSNL |
| 005 |
20260303142926.0 |
| 008 |
230222|2007 xo |||||||||||||||||eng| |
| 015 |
|
|
|a SNBRB
|
| 035 |
|
|
|a (uuid)4457bc1a-4dcc-4ed3-ae3d-db4d95e03d94
|
| 035 |
|
|
|a (urnnbn)urn:nbn:sk:snk:ar-a08kxp
|
| 035 |
|
|
|a urn:nbn:sk:snk-ab9n4l
|
| 040 |
|
|
|a SNKBUCL
|b slo
|c SNKBUCL
|e AACR2
|
| 041 |
0 |
|
|a eng
|
| 044 |
|
|
|a xo
|c SK
|
| 100 |
1 |
|
|a Tolnay, Marián,
|d 1946-
|4 aut
|9 132277
|
| 245 |
1 |
0 |
|a APPLICATION OF MOBILE MODELS OF THE HANDLING AND CONVEYER DEVICES
|c Marián Tolnay, Tomáš Bednár
|
| 700 |
1 |
|
|a Bednár, Tomáš
|4 aut
|9 853804
|
| 773 |
0 |
|
|t Acta Mechanica Slovaca
|g Roč. 11, č. 2-A (2007), s. 161-170
|
| 958 |
|
|
|a OND
|
| 958 |
|
|
|a EUIPO
|
| 958 |
|
|
|a article13
|
| 999 |
|
|
|c 1986885
|d 1988815
|